000 03825cam a22012614i 4500
003 PE-LiUPU
005 20250813185429.0
008 190403s2017 sp a rb 001 0 spa d
020 _a8417002103
020 _a9788417002107
035 _a(Sirsi) a252041
040 _aPE-LiUPU
_bspa
_cPE-LiUPU
_erda
041 1 _aspa
_heng
049 _aPRUA
082 0 4 _a362.108
_bG52
_c23
100 1 _aGlezerman, Marek,
_eautor.
245 1 0 _aMedicina de género :
_bla nueva revolución de la medicina: el papel del sexo en el diagnóstico y el tratamiento de enfermedades /
_cMarek Glezerman.
264 1 _aBarcelona :
_bPlataforma,
_c2017.
300 _a327 páginas :
_bilustraciones ;
_c22 centímetros.
336 _atext
_2rdacontent
337 _aunmediated
_2rdamedia
338 _avolume
_2rdacarrier
490 0 _aPlataforma actual
504 _aBibliografía: páginas 287-317.
504 _aÍndice: páginas 319-327.
505 0 _a¿Qué es la medición de género? -- sexo, género y medicina personalizada -- la vida es el vientre materno: primera parte -- la vida en el vientre materno: segunda parte -- el estrés emocional durante el embarazo -- aspectos de género de las cardiopatías -- el tracto digestivo: aspectos de género -- intestino: el segundo cerebro y la vida en el interior de nuestras tripas -- aspectos de género del aparato reproductor -- aspectos de género de la infertilidad -- aspectos de género del dolor -- calor y frío: aspectos de género de la termorregulación -- hombres, el sexo débil -- ¿el hombre, una especie amenazada? aspectos de género en la relación médico-paciente -- medicina de género: perspectivas para el futuro.
526 _aP202
526 _aP201
526 _aP163
526 _aP162
526 _aP161
526 _aP160
526 _aP148
526 _aP147
526 _aP146
526 _aP145
526 _aP144
526 _aP143
526 _aP142
526 _aP141
526 _aP140
526 _aP139
526 _aP138
526 _aP137
526 _aP136
526 _aP135
526 _aP134
526 _aP133
526 _aP129
526 _aP128
526 _aP127
526 _aP120
526 _aP119
526 _aP118
526 _aP116
526 _aP115
526 _aP114
526 _aP110
526 _aP109
526 _aP108
526 _aP104
526 _aP103
526 _aP102
526 _aP99
526 _aP98
526 _aP97
526 _aP96
526 _aP95
526 _aP93
526 _aP90
526 _aP89
526 _aP88
526 _aP83
526 _aP82
526 _aP62
526 _aP59
526 _aP58
526 _aP57
526 _aP51
526 _aP49
526 _aP48
526 _aP47
526 _aP29
526 _aP24
526 _aP20
526 _aP19
526 _aP17
526 _aP15
526 _aP14
526 _aP12
526 _aP10
526 _aP09
526 _aP08
526 _aP07
526 _aP06
526 _aP05
526 _aP04
526 _aP01
536 _pTítulo original :
_tGender medicine. The groundbreaking new scieneof gender and sex related diagnosis and treatment.
541 _g025-56;
650 0 4 _aSalud
_xDiferencias sexuales.
650 0 4 _aMedicina social.
910 _adbm
_bksl
_cksl
_d20190403
942 _2ddc
_cBOOK
994 _aC0
_bPEPRU
596 _a1
999 _a362.108 G52
_wDEWEY
_c31300
_i80074
_f2021-11-3
_g3
_lCCODEBUL1
_mBUL
_p29.00
_r0
_sY
_tBOOK
_u2019-4-3
_xSALUD
_zP83
_0COMPRA
_1FCOMPR2
_o.STAFF. Colección Ciencias de la Salud
_d31300
980 _81
_gALBERTO SANCHEZ Responsable de Automatización